| 000 | 00662nam a2200205Ia 4500 | ||
|---|---|---|---|
| 003 | GCL | ||
| 008 | 140319s9999 xx 000 0 ara d | ||
| 040 |
_aGCL / _cGCL |
||
| 082 | 0 | 4 |
_a720.288 _bا م |
| 100 | 1 | _aاحمد ابراهيم عطية | |
| 245 | 1 | 0 |
_aالمدخل فى صيانة وترميم الاثار / _cاحمد ابراهيم عطية |
| 700 | 1 | _aعبدالحميد الكفافى | |
| 250 | _aالاولى | ||
| 260 |
_aالقاهرة : _bدار ريم ، _c2005 |
||
| 300 |
_a176 ص ؛ _c24 سم |
||
| 650 | 0 | 4 | _aالاثار - ترميم |
| 650 | 0 | 4 | _aالاثار - حماية |
| 650 | 0 | 4 | _aالاثار - صيانة |
| 942 |
_2ddc _cBK |
||
| 999 |
_c8225 _d8225 |
||